000 00626nam a2200181Ia 4500
003 GCL
008 140319s9999 xx 000 0 ara d
040 _aGCL /
_cGCL
082 0 4 _aش ف
_b550
_bهـ أ
100 1 _aهاى فيلم للانتاج والتوزيع
245 1 0 _aاسرار وخبايا الارض ( شرائط فيديو) /
_cهاى فيلم للانتاج والتوزيع
300 _a1 شريط فيديو:
_bلو ؛
_c1\2 بوصة
650 0 4 _aالجيولوجيا
650 0 4 _aالفيديو، أشرطة
650 0 4 _aبرامج تعليميه
650 0 4 _aالارض، علوم
942 _2ddc
_cVM
999 _c4346
_d4346